| 000 | 00000nam##2200000za#4500 |
| 001 | 9.574019 |
| 003 | CaOODSP |
| 005 | 20210624183959 |
| 007 | cr ||||||||||| |
| 008 | 150406|1999||||xxc|||||o f|0| 0 eng|d |
| 022 | |a1488-5379 |
| 040 | |aCaOODSP|beng |
| 043 | |an-cn--- |
| 086 | 1 |aFs97-6/2279E-PDF |
| 110 | 1 |aCanada. |bDepartment of Fisheries and Oceans. |
| 245 | 10|aAge 0 fish assemblages in proximate systems : |h[electronic resource]|bthe Detroit River and Cedar Creek / |cby J.K. Leslie, C.A. Timmins, and A. Pachkevitch. |
| 260 | |aBurlington - Ontario : |bFisheries and Oceans Canada |cc1999. |
| 300 | |a26p.|bgraphs, map, references, tables |
| 490 | 1 |aCanadian technical report of fisheries and aquatic sciences|x1488-5379|vNo. 2279 |
| 500 | |aThe catalogue number (Fs97-6/2279E) and ISSN (0706-6457) for the print edition have been incorrectly copied in this electronic publication. |
| 546 | |a(Résumé en français) |
| 590 | |a12-22-Supp|b2012-05-24 |
| 720 | 1 |aPachkevitch, A. |
| 720 | 1 |aTimmins, C. A. |
| 720 | 1 |aLeslie, J. K. |
| 776 | 0#|tAge 0 fish assemblages in proximate systems : |w(CaOODSP)9.614978 |
| 830 | #0|aCanadian technical report of fisheries and aquatic sciences,|x1488-5379|vNo. 2279|w(CaOODSP)9.504449 |
| 856 | 40|ahttp://publications.gc.ca|qPDF|s2.71 MB|uhttps://publications.gc.ca/collections/collection_2012/mpo-dfo/Fs97-6-2279-eng.pdf|yNo. 2279 |